Realidades conversacionales: la construcción de la vida a través del lenguaje
Na minha lista:
| Autor principal: | |
|---|---|
| Formato: | Livro |
| Idioma: | espanhol |
| Publicado em: |
Buenos Aires
Amorrortu
2001
|
| coleção: | Biblioteca de Sociología
|
| Assuntos: | |
| Tags: |
Adicionar Tag
Sem tags, seja o primeiro a adicionar uma tag!
|
MARC
| LEADER | 00000cam a2200000 a 4500 | ||
|---|---|---|---|
| 001 | UCH2106 | ||
| 003 | CL-VaPUC | ||
| 008 | 090528e20010000AG |||||||||||||||||spa|d | ||
| 020 | |a 9505181825 | ||
| 082 | 0 | 4 | |a 302.2 |b SHO |2 21 |
| 100 | 0 | |a Shotter, John |e author |9 536763 | |
| 245 | 1 | 0 | |a Realidades conversacionales: la construcción de la vida a través del lenguaje |
| 300 | |a 291 p | ||
| 942 | |c BK | ||
| 945 | |d 20090528 00:00:00 |a rbrito | ||
| 260 | |a Buenos Aires |b Amorrortu |c 2001 | ||
| 650 | 0 | |a Comunicación |9 257251 | |
| 650 | 0 | |a Semiótica |9 265317 | |
| 650 | 0 | |a Lenguaje |9 265069 | |
| 650 | 0 | |a Conversación |9 341332 | |
| 583 | |a last modification |c 20120913 11:58:37 |k Rodrigo Vera | ||
| 490 | 0 | |a Biblioteca de Sociología | |
| 999 | |c 333930 |d 333928 | ||
| 952 | |0 0 |1 0 |4 0 |6 302_200000000000000_SHO_2001 |7 0 |8 A |9 422601 |a BIBEDU |b BIBEDU |d 2019-11-22 |i 4552369 |o 302.2 SHO 2001 |p 4552369 |r 2019-11-22 |w 2019-11-22 |y BK |k PSI | ||
| 952 | |0 0 |1 0 |4 0 |6 302_200000000000000_SHO_2001 |7 0 |8 A |9 422602 |a BIBEDU |b BIBEDU |d 2019-11-22 |i 4901444 |o 302.2 SHO 2001 |p 4901444 |r 2019-11-22 |w 2019-11-22 |y BK |k PSI | ||
| 952 | |0 0 |1 0 |4 0 |6 302_200000000000000_SHO_2001 |7 0 |8 A |9 422603 |a BIBEDU |b BIBEDU |d 2019-11-22 |i 4901452 |o 302.2 SHO 2001 |p 4901452 |r 2019-11-22 |w 2019-11-22 |y BK |k PSI | ||